000 01807naa a22003857a 4500
001 BR9403440
003 BR-BrBNA
005 20240918181214.0
007 ta
008 230509b bl.||||| |||| 00| 0 por d
040 _aBR-BrBNA
_bpor
_cBiblioteca Nacional de Agricultura
041 _a(Pt)
072 _aF08
_b0230
_b0120
_b1410
_b1840
_b1823
090 _aF08 BR9403440
100 1 _aLombardi, A.C.
100 1 _aMorgado, I.F.
100 1 _aC. Filho, D.J. da
100 1 _aRosa, J.F.C.
100 1 _aGodoy, O.P.
100 1 _aMinami, K.
111 1 _a2. Congresso Nacional da Sociedade de Tecnicos Acucareiros do Brasil1. Simposio Latino-Americano sobre Modalidades de Financiamento a Producao de Energia Renovavel
_cRio de Janeiro, RJ (Brazil)
_d16-21 Aug 1981
245 1 _aAgricultura energetica e producao de alimentos - avaliacao preliminar da experimentacao de cana-de-acucar rotacionada com milho, feijao, quiabo e abobora na regiao norte fluminense - RJ
260 3 _aRio de Janeiro, RJ (Brasil):
_c1981.
500 _aAnais do 2. Congresso Nacional da Sociedade de Tecnicos Acucareiros do Brasil e do 1. Simposio Latino-Americano sobre Modalidades de Financiamento a Producao de Energia Renovavel Rio de Janeiro, RJ (Brasil): 1981. v. 1 p. 490-500 (BR9403440-AM)F08
650 _aCana de Acucar
650 _aMilho
650 _aFeijao
650 _aQuiabo
650 _aAbobora
650 _aRotacao de Cultura
650 _aRio de Janeiro
773 0 _tAnais do 2. Congresso Nacional da Sociedade de Tecnicos Acucareiros do Brasil e do 1. Simposio Latino-Americano sobre Modalidades de Financiamento a Producao de Energia Renovavel
_wF08 BR9403440
_gRio de Janeiro, RJ (Brasil), 1981. v. 1 p. 490-500
909 _a202404
_bLucia
_c55
_dLucia Elande
942 _cAM
_2AGRIS
999 _c324086
_d324086